|
|
|
|
| LEADER |
00000cam a2200000 a 4500 |
| 001 |
vtls008325804 |
| 003 |
SK-MaSNL |
| 005 |
20260301020348.0 |
| 008 |
230403s1962 xo f 100 s slo |
| 015 |
|
|
|a SNBA1963/04-00753
|
| 020 |
|
|
|q (brožované)
|
| 035 |
|
|
|a SK01SNK19630018021
|
| 035 |
|
|
|a urn:nbn:sk:snk-am3iu68
|
| 035 |
|
|
|a D1496EBA-EEB3-45E3-A455-F5F1719A2D4F
|
| 035 |
|
|
|a urn:nbn:sk:snk-am00fhxy
|
| 035 |
|
|
|a SKM000020484
|
| 040 |
|
|
|a SNK
|b slo
|c SNK
|e AACR2
|
| 041 |
0 |
|
|a slo
|b rus
|b ger
|
| 044 |
|
|
|a xo
|c SK
|
| 072 |
|
7 |
|a 631
|x Poľnohospodárstvo. Pedológia. Agrotechnika. Agroekológia
|2 konspekt
|
| 080 |
|
|
|a 631.115.6:34(082)
|2 1981
|
| 080 |
|
|
|a 631.115.8
|2 2011
|
| 080 |
|
|
|a (047)
|2 2011
|
| 080 |
|
|
|a (042.5)
|2 2011
|
| 080 |
|
|
|a (062.534)
|2 2011
|
| 080 |
|
|
|a 347.726
|2 2001
|
| 111 |
2 |
|
|a Celoštátna konferencia roľníckodružstevného práva
|d (1961 :
|c Smolenice, Slovensko)
|4 aut
|9 307652
|
| 245 |
0 |
0 |
|a Socialistické právo a ďalší rozvoj JRD
|b sborník z Celoštátnej konferencie roľníckodružstevného práva
|c [redaktorka publikácie Viera Rybárová]
|
| 250 |
|
|
|a 1. vyd.
|
| 260 |
|
|
|a Bratislava
|b Slovenská akadémia vied
|c 1962
|
| 300 |
|
|
|a 279 strán
|c 21 cm
|
| 366 |
|
|
|e 1500 kusov
|
| 500 |
|
|
|a Vydala Slovenská akadémia vied, Kabinet právnych vied
|
| 500 |
|
|
|a Text čiastočne česky
|
| 546 |
|
|
|a Text slovensky, resumé rusky a nemecky
|
| 650 |
0 |
7 |
|a jednotné roľnícke družstvá
|2 SNKPH
|9 88028
|
| 650 |
0 |
7 |
|a socialistické právo
|2 SNKPH
|9 307653
|
| 650 |
0 |
7 |
|a družstevné právo
|2 SNKPH
|9 2251
|
| 655 |
|
7 |
|a prejavy
|2 SNKPH
|9 70401
|
| 655 |
|
7 |
|a zborníky konferencií
|2 SNKPH
|9 70153
|
| 655 |
|
7 |
|a referáty
|2 SNKPH
|9 70611
|
| 700 |
1 |
|
|a Rybárová, Viera
|4 red
|9 6847
|
| 710 |
2 |
|
|a Slovenská akadémia vied.
|b Kabinet právnych vied
|4 pbl
|9 203608
|
| 852 |
|
|
|a Slovenská národná knižnica
|
| 954 |
|
|
|a odborná, vedecká literatúra pôvodná (slovenská)
|2 lita
|
| 958 |
|
|
|a RK
|
| 958 |
|
|
|a TL
|
| 958 |
|
|
|a OND
|
| 958 |
|
|
|a EUIPO
|
| 999 |
|
|
|c 562811
|d 564741
|
| 952 |
|
|
|a SNK
|b SNK
|y PREZ
|7 0
|p 17A0874660
|o snkSC 17436
|i snkKSP 1269/63
|0 0
|1 0
|4 0
|d 2020-10-05
|f 1
|l 0
|r 2025-07-25 00:00:00
|w 2026-02-23
|